Internal combustion engines (Record no. 24482)

000 -LEADER
fixed length control field 00576nam a22002051 4500
001 - CONTROL NUMBER
control field 24482
003 - CONTROL NUMBER IDENTIFIER
control field BD-DhUET
008 - FIXED-LENGTH DATA ELEMENTS--GENERAL INFORMATION
fixed length control field 681231s1968 paua b 001 0 eng
040 ## - CATALOGING SOURCE
Original cataloging agency DLC
Transcribing agency DLC
Modifying agency BD-DhUET
082 00 - DEWEY DECIMAL CLASSIFICATION NUMBER
Classification number 621.43
Item number OBE/1968
100 ## - MAIN ENTRY--PERSONAL NAME
Personal name Obert, Edward F.
245 10 - TITLE STATEMENT
Title Internal combustion engines
250 ## - EDITION STATEMENT
Edition statement 3rd ed.
260 ## - PUBLICATION, DISTRIBUTION, ETC. (IMPRINT)
Place of publication, distribution, etc. Scranton
Name of publisher, distributor, etc. International Textbook
Date of publication, distribution, etc. 1968
300 ## - PHYSICAL DESCRIPTION
Extent xiii, 736p.
Other physical details illus
490 0# - SERIES STATEMENT
Series statement International textbooks in mechanical engineering
504 ## - BIBLIOGRAPHY, ETC. NOTE
Bibliography, etc Includes bibliographies
650 #0 - SUBJECT ADDED ENTRY--TOPICAL TERM
Topical term or geographic name as entry element Internal combustion engines
942 ## - ADDED ENTRY ELEMENTS (KOHA)
Koha item type General Book
Holdings
Koha date last borrowed Koha full call number Shelving location Date acquired Price effective from Location (home branch) Copy number Not for loan Damaged status Source of classification or shelving scheme Koha issues (times borrowed) Koha item type Lost status Koha date last seen Piece designation (barcode) Sublocation or collection (holding branch) Koha normalized classification for sorting Withdrawn status
2019-09-28621.43/OBE/1968Circulation section2015-05-092015-05-09Central Library, BUET1   2General Book 2019-11-1819063Central Library, BUET621_430000000000000_OBE_1968 
 621.43/OBE/1968Reading section2015-06-162015-06-16Central Library, BUET2    General Book 2015-06-1632007Central Library, BUET621_430000000000000_OBE_1968 
 621.43/OBE/1968Reading section2015-06-162015-06-16Central Library, BUET3    Reading Item 2015-06-1640437Central Library, BUET621_430000000000000_OBE_1968 
 621.43/OBE/1968Reading section2015-06-232015-06-23Central Library, BUET4    Reading Item 2015-06-2319060Central Library, BUET621_430000000000000_OBE_1968 
 621.43/OBE/1968Reading section2015-07-032015-07-03Central Library, BUET5    Reading Item 2015-07-0332117Central Library, BUET621_430000000000000_OBE_1968